|
|
|
|
| LEADER |
00000cas a2200000 a 4500 |
| 001 |
vtls008295608 |
| 003 |
SK-MaSNL |
| 005 |
20260228155816.0 |
| 008 |
050824c20089999xo br p 0 b0slo |
| 022 |
|
|
|a 1339-1895
|
| 040 |
|
|
|a SNK
|b slo
|c SNK
|e AACR2
|
| 041 |
0 |
|
|a slo
|
| 043 |
|
|
|a e-xo---
|
| 044 |
|
|
|a xo
|c SK
|
| 072 |
|
7 |
|a 352/354
|x Stupne miestnej, oblastnej a ústrednej správy
|2 konspekt
|
| 072 |
|
7 |
|a 394
|x Verejný a spoločenský život. Každodenný život
|2 konspekt
|
| 072 |
|
7 |
|a 316.7
|x Sociológia kultúry. Kultúrny život
|2 konspekt
|
| 080 |
|
|
|a 352
|2 2011
|
| 080 |
|
|
|a 394
|2 2011
|
| 080 |
|
|
|a 316.728
|2 2011
|
| 080 |
|
|
|a 050
|2 2011
|
| 080 |
|
|
|a (051)+(054)
|2 2011
|
| 080 |
|
|
|a (437.613)
|2 2011
|
| 210 |
0 |
|
|a Belušan
|
| 222 |
|
0 |
|a Belušan
|
| 245 |
0 |
0 |
|a Belušan
|b spravodajca OcÚ a MKS v Beluši
|
| 260 |
|
|
|a Beluša
|b Miestne kultúrne stredisko
|c 2008-
|
| 260 |
3 |
|
|3 10/2012-
|a Beluša
|b Obec Beluša
|
| 310 |
|
|
|a 6x ročne
|b 2011-
|
| 321 |
|
|
|a Nepravidelne
|b 2001-2010
|
| 362 |
0 |
|
|a 2008-
|
| 500 |
|
|
|a Popis podľa: Roč. XXXIV, č. 1 (2001)-
|
| 500 |
|
|
|a Šéfredaktor: 1/2001-2009, Igor Guliš ; 2009-2010, Andrea Zemeková
|
| 500 |
|
|
|a Podnázov sa mení: 1/2005-1/2010: spravodajca Obecného úradu v Beluši ; 2/2010-: noviny občanov obce Beluša
|
| 500 |
|
|
|a Evidenčné číslo: EV 87/08
|
| 500 |
|
|
|a V r. 2014 uvedený roč. XLVI
|
| 650 |
0 |
7 |
|a miestna správa
|2 SNKPH
|9 29496
|
| 650 |
0 |
7 |
|a spoločenský život
|2 SNKPH
|9 28654
|
| 651 |
|
7 |
|a Beluša (Slovensko)
|2 SNKPHgeo
|9 16795
|
| 655 |
|
7 |
|a miestne periodiká
|2 SNKPH
|9 160938
|
| 700 |
1 |
|
|a Guliš, Igor
|4 pbd
|9 265367
|
| 700 |
1 |
|
|a Zemeková, Andrea
|4 pbd
|9 265368
|
| 710 |
1 |
|
|a Beluša (Slovensko).
|b Obecný úrad
|4 pbl
|9 87105
|
| 856 |
4 |
1 |
|u https://www.belusa.sk/pre-obcanov-2/belusan-noviny/
|
| 910 |
|
|
|a snk
|
| 999 |
|
|
|c 651
|d 651
|
| 952 |
|
|
|t č. 1-6
|a SNK
|b SNK
|y PREZ
|7 0
|p 17A1462214
|o snkČSB 6916/50/2018
|i snk2022/4413
|8 0
|0 0
|1 0
|4 0
|d 2022-03-22
|l 0
|r 2026-02-21 19:53:08
|w 2026-02-21
|
| 952 |
|
|
|t č. 1-5
|a SNK
|b SNK
|y PREZ
|7 0
|p 17A1462215
|o snkČSB 6916/51/2019
|i snk2022/4418
|8 0
|0 0
|1 0
|4 0
|d 2022-03-22
|l 0
|r 2026-02-21 19:53:08
|w 2026-02-21
|
| 952 |
|
|
|t č. 1-6
|a SNK
|b SNK
|y PREZ
|7 0
|p 17A1462216
|o snkČSB 6916/52/2020
|i snk2022/4419
|8 0
|0 0
|1 0
|4 0
|d 2022-03-22
|l 0
|r 2026-02-21 19:53:10
|w 2026-02-21
|
| 952 |
|
|
|t č. 1-6
|a SNK
|b SNK
|c SNK_KF
|y PREZ
|7 8
|p 17A1558580
|o snkČSB 6916/53/2021
|i snk2025/19847
|8 0
|0 0
|1 0
|4 0
|d 2025-12-08
|l 0
|r 2026-02-21 20:02:59
|w 2026-02-21
|
| 952 |
|
|
|t č. 1-7
|a SNK
|b SNK
|c SNK_KF
|y PREZ
|7 8
|p 17A1558581
|o snkČSB 6916/54/2022
|i snk2025/19850
|8 0
|0 0
|1 0
|4 0
|d 2025-12-08
|l 0
|r 2026-02-21 20:02:59
|w 2026-02-21
|
| 952 |
|
|
|t č. 1-6
|a SNK
|b SNK
|c SNK_KF
|y PREZ
|7 8
|p 17A1558582
|o snkČSB 6916/55/2023
|i snk2025/19851
|8 0
|0 0
|1 0
|4 0
|d 2025-12-08
|l 0
|r 2026-02-21 20:02:59
|w 2026-02-21
|
| 952 |
|
|
|t č. 1-6
|a SNK
|b SNK
|c SNK_KF
|y PREZ
|7 8
|p 17A1558583
|o snkČSB 6916/56/2024
|i snk2025/19854
|8 0
|0 0
|1 0
|4 0
|d 2025-12-08
|l 0
|r 2026-02-21 20:02:59
|w 2026-02-21
|
| 952 |
|
|
|t č. 1-6
|a SNK
|b SNK
|y NEVYP
|7 1
|p 17A1341709
|o snkČSB 6916/40/2007
|i snk2018/27261
|8 0
|0 0
|1 0
|4 0
|d 2018-12-17
|l 0
|r 2026-02-21 22:13:57
|w 2026-02-21
|
| 952 |
|
|
|t č. 1-5
|a SNK
|b SNK
|y NEVYP
|7 1
|p 17A1341710
|o snkČSB 6916/41/2008
|i snk2018/27261
|8 0
|0 0
|1 0
|4 0
|d 2018-12-17
|l 0
|r 2026-02-21 22:13:57
|w 2026-02-21
|
| 952 |
|
|
|t č. 1-4, neúplné
|a SNK
|b SNK
|y NEVYP
|7 1
|p 17A1341711
|o snkČSB 6916/42/2009
|i snk2018/27261
|8 0
|z Chýba č. 2, 3
|0 0
|1 0
|4 0
|d 2018-12-17
|l 0
|r 2026-02-21 22:13:57
|w 2026-02-21
|
| 952 |
|
|
|t č. 1-5
|a SNK
|b SNK
|y NEVYP
|7 1
|p 17A1341712
|o snkČSB 6916/43/2010
|i snk2018/27261
|8 0
|0 0
|1 0
|4 0
|d 2018-12-17
|l 0
|r 2026-02-21 22:13:57
|w 2026-02-21
|
| 952 |
|
|
|t č. 2-12
|a SNK
|b SNK
|y PREZ
|7 0
|p 17A1341713
|o snkČSB 6916/44/2011
|i snk2018/27264
|8 0
|z Dvojmesačník, číslovanie: 2, 4, 6, 8, 10, 12
|0 0
|1 0
|4 0
|d 2018-12-17
|l 0
|r 2026-02-21 22:13:59
|w 2026-02-21
|
| 952 |
|
|
|t č. 2-12
|a SNK
|b SNK
|y NEVYP
|7 1
|p 17A1341714
|o snkČSB 6916/45/2012
|i snk2018/27264
|8 0
|z Dvojmesačník, sú čísla 2, 4, 6, 8, 10, 12
|0 0
|1 0
|4 0
|d 2018-12-17
|l 0
|r 2026-02-21 22:13:59
|w 2026-02-21
|
| 952 |
|
|
|t č. 1-6
|a SNK
|b SNK
|y NEVYP
|7 1
|p 17A1341715
|o snkČSB 6916/46/2013
|i snk2018/27264
|8 0
|0 0
|1 0
|4 0
|d 2018-12-17
|l 0
|r 2026-02-21 22:14:01
|w 2026-02-21
|
| 952 |
|
|
|t č. 1-6, neúplné
|a SNK
|b SNK
|y NEVYP
|7 1
|p 17A1341716
|o snkČSB 6916/46/2014
|i snk2018/27264
|8 0
|z Chýba č. 1, 6 ; uvedený roč. XLVI
|0 0
|1 0
|4 0
|d 2018-12-17
|l 0
|r 2026-02-21 22:14:01
|w 2026-02-21
|
| 952 |
|
|
|t č. 1-6
|a SNK
|b SNK
|y NEVYP
|7 1
|p 17A1341717
|o snkČSB 6916/47/2015
|i snk2018/27264
|8 0
|0 0
|1 0
|4 0
|d 2018-12-17
|l 0
|r 2026-02-21 22:14:01
|w 2026-02-21
|
| 952 |
|
|
|t č. 1-6
|a SNK
|b SNK
|y NEVYP
|7 1
|p 17A1341718
|o snkČSB 6916/48/2016
|i snk2018/27264
|8 0
|0 0
|1 0
|4 0
|d 2018-12-17
|l 0
|r 2026-02-21 22:14:01
|w 2026-02-21
|
| 952 |
|
|
|t č. 1-6
|a SNK
|b SNK
|y NEVYP
|7 1
|p 17A1341719
|o snkČSB 6916/49/2017
|i snk2018/27264
|8 0
|0 0
|1 0
|4 0
|d 2018-12-17
|l 0
|r 2026-02-21 22:14:01
|w 2026-02-21
|
| 952 |
|
|
|t č. 1-2
|a SNK
|b SNK
|y PREZ
|7 0
|p 17A1341703
|o snkČSB 6916/34/2001
|i snk2018/27261
|8 0
|0 0
|1 0
|4 0
|d 2018-12-14
|l 0
|r 2026-02-21 22:14:06
|w 2026-02-21
|
| 952 |
|
|
|t č. 1-3, neúplné
|a SNK
|b SNK
|y NEVYP
|7 1
|p 17A1341704
|o snkČSB 6916/35/2002
|i snk2018/27261
|8 0
|z Chýba č. 1
|0 0
|1 0
|4 0
|d 2018-12-14
|l 0
|r 2026-02-21 22:14:06
|w 2026-02-21
|
| 952 |
|
|
|t č. 1-4, neúplné
|a SNK
|b SNK
|y NEVYP
|7 1
|p 17A1341705
|o snkČSB 6916/36/2003
|i snk2018/27261
|8 0
|z Chýba č. 1
|0 0
|1 0
|4 0
|d 2018-12-14
|l 0
|r 2026-02-21 22:14:06
|w 2026-02-21
|
| 952 |
|
|
|t č. 1-5, neúplné
|a SNK
|b SNK
|y NEVYP
|7 1
|p 17A1341706
|o snkČSB 6916/37/2004
|i snk2018/27261
|8 0
|z Chýba č. 2, 4
|0 0
|1 0
|4 0
|d 2018-12-14
|l 0
|r 2026-02-21 22:14:06
|w 2026-02-21
|
| 952 |
|
|
|t č. 1-5, neúplné
|a SNK
|b SNK
|y NEVYP
|7 1
|p 17A1341707
|o snkČSB 6916/38/2005
|i snk2018/27261
|8 0
|z Chýba č. 1
|0 0
|1 0
|4 0
|d 2018-12-14
|l 0
|r 2026-02-21 22:14:06
|w 2026-02-21
|
| 952 |
|
|
|t č. 1-6 + mim. vyd.
|a SNK
|b SNK
|y NEVYP
|7 1
|p 17A1341708
|o snkČSB 6916/39/2006
|i snk2018/27261
|8 0
|0 0
|1 0
|4 0
|d 2018-12-14
|l 0
|r 2026-02-21 22:14:07
|w 2026-02-21
|